Diseñe y gerencie su propia empresa orientada a los TLC (Registro nro. 162419)
[ vista simple ]
| 000 -LEADER | |
|---|---|
| fixed length control field | 01082nam a22002657a 4500 |
| 007 - PHYSICAL DESCRIPTION FIXED FIELD--GENERAL INFORMATION | |
| fixed length control field | cr|||| |||| |
| 008 - FIXED-LENGTH DATA ELEMENTS--GENERAL INFORMATION | |
| fixed length control field | 130327e2012 ck |||||s|||| 00||0 spa d |
| 020 ## - INTERNATIONAL STANDARD BOOK NUMBER | |
| International Standard Book Number | 978-958-648-780-1 |
| 035 ## - | |
| -- | 7670 |
| 040 ## - CATALOGING SOURCE | |
| Original cataloging agency | vLex |
| 090 ## - | |
| -- | 4048 |
| -- | 4048 |
| 100 10 - MAIN ENTRY--PERSONAL NAME | |
| Personal name | Van Den Berghe Romero, Edgar |
| 245 10 - TITLE STATEMENT | |
| Title | Diseñe y gerencie su propia empresa orientada a los TLC |
| Statement of responsibility, etc | / Edgar Van Den Berghe R. |
| Medium | [Recurso electrónico] |
| 250 ## - | |
| -- | 3a ed. |
| 256 ## - | |
| -- | Servicio en línea |
| 260 ## - PUBLICATION, DISTRIBUTION, ETC. (IMPRINT) | |
| Place of publication, distribution, etc | Bogotá : |
| Name of publisher, distributor, etc | ECOE, |
| Date of publication, distribution, etc | 2012 |
| 300 ## - PHYSICAL DESCRIPTION | |
| Extent | 1 Recurso electrónico |
| 506 ## - RESTRICTIONS ON ACCESS NOTE | |
| Authorized users | vLex Global (Academic Edition, excluding Law Schools) |
| -- | vLex Global (U.S. Academic Edition, Law Schools) |
| -- | vLex Global (U.S. Academic Edition, excluding Law Schools) |
| -- | vLex Global (U.S. Academic Edition, excluding Law Schools) |
| -- | vLex Global (Academic Edition, Law Schools) |
| 650 04 - SUBJECT ADDED ENTRY--TOPICAL TERM | |
| Topical term or geographic name as entry element | Comercio internacional |
| 650 04 - SUBJECT ADDED ENTRY--TOPICAL TERM | |
| Topical term or geographic name as entry element | Administración (Marketing) |
| 740 ## - | |
| -- | vLex Libros (Servicio en línea) |
| 856 ## - LOCALIZACIÓN Y ACCESO ELECTRÓNICO | |
| Host name | Acceso restringido |
| Identificador Uniforme del Recurso (URI/URL) | http://www.vlex.com/source/7670 |
| 942 ## - | |
| -- | RAA |
| 999 ## - | |
| -- | 162419 |
| -- | 162419 |
No hay ítems disponibles.